Normal view MARC view
  • Wesley E. Woodson,Barry Tillman Peggy Tillman

Entry Personal Name

Number of records used in: 4

001 - CONTROL NUMBER

  • control field: 2652

003 - CONTROL NUMBER IDENTIFIER

  • control field: NUST

005 - DATE AND TIME OF LATEST TRANSACTION

  • control field: 20170614112926.0

008 - FIXED-LENGTH DATA ELEMENTS

  • fixed length control field: 170614|| aca||aabn | a|a d

040 ## - CATALOGING SOURCE

  • Original cataloging agency: NUST
  • Transcribing agency: NUST

100 ## - HEADING--PERSONAL NAME

  • Personal name: Wesley E. Woodson,Barry Tillman Peggy Tillman

670 ## - SOURCE DATA FOUND

  • Source citation: Work cat.: (NUST)23756: Wesley E. Woodson,Barry Tillman Peggy Tillman, Human Factor Design Handbook, c.1992
© 2023 Central Library, National University of Sciences and Technology. All Rights Reserved.